[Event "Dortmund Sparkassen op-B"]
[Site "Dortmund"]
[Date "2011.07.29"]
[Round "7"]
[White "Stoer, Nathan"]
[Black "Stahl, Matthias"]
[Result "1/2-1/2"]
[WhiteElo "1705"]
[BlackElo "1917"]
[PlyCount "77"]
[EventDate "2011.07.23"]
[EventType "swiss"]
[EventRounds "9"]
[EventCountry "GER"]
[SourceTitle "EXT 2013"]
[Source "ChessBase"]
[SourceDate "2012.11.22"]
[SourceVersion "1"]
[SourceVersionDate "2012.11.22"]
[SourceQuality "1"]

1. Nf3 Nf6 2. g3 d5 3. Bg2 c6 4. b3 Bg4 5. d4 Nbd7 6. Bb2 e6 7. 0-0 Bd6 8. c4 0-0 9. Nc3 Re8 10. Qc2 Bf5 11. Qd2 Ne4 12. Nxe4 Bxe4 13. Ne5 Bxg2 14. Kxg2 f6 15. Nxd7 Qxd7 16. cxd5 exd5 17. Qc2 Re4 18. f3 Re3 19. Bc1 Re7 20. e3 Rae8 21. Bd2 h5 22. Qg6 Rf7 23. Qxh5 f5 24. f4 Re6 25. Qf3 Rg6 26. Kf2 Qe6 27. b4 a6 28. Rg1 Rh6 29. Qg2 Re7 30. h3 Rg6 31. g4 Bxf4 32. Qf3 fxg4 33. Rxg4 Rxg4 34. hxg4 Bg5 35. Ke2 Rf7 36. Qg3 Qf6 37. Rh1 Bh6 38. Rg1 Bg5 39. Rh1 1/2-1/2

[Event "Dortmund Sparkassen op-B"]
[Site "Dortmund"]
[Date "2011.07.24"]
[Round "2"]
[White "Herrmann, Christoph"]
[Black "Stoer, Nathan"]
[Result "1-0"]
[WhiteElo "1935"]
[BlackElo "1705"]
[PlyCount "75"]
[EventDate "2011.07.23"]
[EventType "swiss"]
[EventRounds "9"]
[EventCountry "GER"]
[SourceTitle "EXT 2013"]
[Source "ChessBase"]
[SourceDate "2012.11.22"]
[SourceVersion "1"]
[SourceVersionDate "2012.11.22"]
[SourceQuality "1"]

1. Nf3 e6 2. e4 d5 3. e5 c5 4. c3 Nc6 5. d4 Qb6 6. a3 a5 7. Bd3 Bd7 8. Bc2 a4 9. 0-0 Nh6 10. Ra2 Nf5 11. Be3 Ra5 12. g4 Nxe3 13. fxe3 Be7 14. Nbd2 cxd4 15. exd4 Nd8 16. Ne1 Bb5 17. Rf3 Nc6 18. Kh1 Nxd4 19. cxd4 Qxd4 20. b4 axb3 21. Nxb3 Qxd1 22. Bxd1 Ra4 23. Rc2 Bc4 24. Nd2 f6 25. Rcc3 Ra5 26. Nxc4 dxc4 27. exf6 gxf6 28. Rxc4 Kf7 29. Rd3 Bxa3 30. Rd7+ Be7 31. Rcc7 Re8 32. Rxb7 Re5 33. Nf3 Rd5 34. Rxd5 exd5 35. Bb3 Rd8 36. Nd4 Ke8 37. Nf5 Bf8 38. Ba4+ 1-0

[Event "GER-chT U14"]
[Site "Magdeburg"]
[Date "2010.12.27"]
[Round "1.2"]
[White "Deutsch, Julius"]
[Black "Stoer, Nathan"]
[Result "1/2-1/2"]
[WhiteElo "1293"]
[BlackElo "1589"]
[PlyCount "122"]
[EventDate "2010.12.27"]
[EventType "team-swiss"]
[EventRounds "7"]
[EventCountry "GER"]
[SourceTitle "CBM 140 Extra"]
[Source "ChessBase"]
[SourceDate "2011.03.01"]
[SourceVersion "1"]
[SourceVersionDate "2011.03.01"]
[SourceQuality "1"]
[WhiteTeam "Ulm"]
[BlackTeam "Muelheim Nord"]
[WhiteTeamCountry "GER"]
[BlackTeamCountry "GER"]

1. d4 e6 2. c4 d5 3. Nc3 Nf6 4. e3 c6 5. Bd3 Bb4 6. Bd2 0-0 7. Nf3 Nbd7 8. 0-0 Nb6 9. cxd5 exd5 10. Qc2 Re8 11. Rfe1 Bxc3 12. Bxc3 Ne4 13. Nd2 f5 14. f3 Nd6 15. e4 fxe4 16. fxe4 g6 17. e5 Nf5 18. Nf1 Qg5 19. Re2 Qh4 20. g3 Qg5 21. Rae1 Nh4 22. Rf2 Bf5 23. Ne3 Rf8 24. Nxf5 Nxf5 25. Bxf5 Rxf5 26. Rxf5 gxf5 27. Rf1 Rf8 28. b3 Kg7 29. Bb4 Rf7 30. e6 Qe3+ 31. Qf2 Qxe6 32. Qf4 h6 33. Qe5+ Rf6 34. Qxe6 Rxe6 35. Rxf5 Re4 36. Rf2 Rxd4 37. Bc3 c5 38. Rd2 Kf6 39. Bxd4+ cxd4 40. Rxd4 Ke5 41. Rh4 d4 42. Kf2 Nd5 43. Ke2 b5 44. a3 b4 45. a4 Nc7 46. Kd3 Ne6 47. Re4+ Kd5 48. Rxe6 Kxe6 49. Kxd4 a5 50. Kc4 Ke5 51. Kb5 Kd4 52. Kxa5 Kc3 53. Kb5 Kxb3 54. a5 Kc3 55. a6 b3 56. a7 b2 57. a8Q b1Q+ 58. Ka6 Qa2+ 59. Kb7 Qxa8+ 60. Kxa8 Kd3 61. g4 Ke4 1/2-1/2

[Event "Dortmund op-B"]
[Site "Dortmund"]
[Date "2009.07.06"]
[Round "3"]
[White "Boldt, Manfred"]
[Black "Stoer, Nathan"]
[Result "0-1"]
[WhiteElo "1709"]
[BlackElo "1482"]
[PlyCount "84"]
[EventDate "2009.07.04"]
[EventType "swiss"]
[EventRounds "9"]
[EventCountry "GER"]
[SourceTitle "EXT 2012"]
[Source "ChessBase"]
[SourceDate "2011.11.24"]
[SourceVersion "1"]
[SourceVersionDate "2011.11.24"]
[SourceQuality "1"]

1. e4 e6 2. d4 d5 3. Nd2 c5 4. Ngf3 Nc6 5. Bb5 Bd7 6. exd5 exd5 7. dxc5 Bxc5 8. 0-0 Qb6 9. Qe2+ Nge7 10. Bxc6 Bxc6 11. Nb3 Bb5 12. Qe5 Bxf1 13. Nxc5 Qxc5 14. Be3 Qb5 15. Rxf1 f6 16. Qh5+ g6 17. Qh6 Nf5 18. Qf4 0-0 19. Bc1 Qc4 20. Qd2 Rfd8 21. b3 Qc6 22. Ba3 Rd7 23. g4 d4 24. Qd1 Ng7 25. Bb2 Ne6 26. Re1 Rad8 27. g5 Nxg5 28. Nxg5 fxg5 29. Qg4 Qxc2 30. Qe6+ Rf7 31. Re2 Qb1+ 32. Kg2 Qf5 33. Qc4 Qf3+ 34. Kg1 d3 35. Rd2 Re8 36. Qc1 Qg4+ 37. Kf1 Qh3+ 38. Kg1 b5 39. Rd1 Qf3 40. Rd2 Rfe7 41. Rd1 Re2 42. Bd4 d2 0-1

[Event "Dortmund op-B"]
[Site "Dortmund"]
[Date "2009.07.04"]
[Round "1"]
[White "Stoer, Nathan"]
[Black "Ziabari, Morteza"]
[Result "0-1"]
[WhiteElo "1482"]
[BlackElo "1959"]
[PlyCount "74"]
[EventDate "2009.07.04"]
[EventType "swiss"]
[EventRounds "9"]
[EventCountry "GER"]
[SourceTitle "EXT 2012"]
[Source "ChessBase"]
[SourceDate "2011.11.24"]
[SourceVersion "1"]
[SourceVersionDate "2011.11.24"]
[SourceQuality "1"]

1. Nf3 d5 2. b3 c5 3. e3 Nc6 4. Bb5 a6 5. Bxc6+ bxc6 6. d4 Bg4 7. Bb2 f6 8. h3 Bh5 9. 0-0 Qc7 10. Nbd2 Nh6 11. a3 Nf7 12. dxc5 e5 13. e4 Bxc5 14. b4 Ba7 15. Qe2 0-0 16. g4 Bg6 17. Nh4 Ng5 18. Nxg6 hxg6 19. Kg2 Ne6 20. Qf3 Nf4+ 21. Kg3 g5 22. Rh1 g6 23. h4 Kg7 24. hxg5 fxg5 25. Qd1 Bxf2+ 26. Kxf2 Nd3+ 27. Kg3 Nxb2 28. Qe2 Rf4 29. Qh2 Qb6 30. Qe2 Raf8 31. Rh2 Qd4 32. Re1 Nc4 33. Nb3 Qc3+ 34. Kg2 Rf2+ 35. Qxf2 Rxf2+ 36. Kxf2 Qxc2+ 37. Re2 Qxb3 0-1

[Event "NRW-ch U12"]
[Site "Kranenburg"]
[Date "2008.03.27"]
[Round "5"]
[White "Stoer, Nathan"]
[Black "Holtel, Jasper"]
[Result "1/2-1/2"]
[WhiteElo "1203"]
[BlackElo "1306"]
[PlyCount "87"]
[EventDate "2008.03.24"]
[EventType "swiss"]
[EventRounds "7"]
[EventCountry "GER"]
[SourceTitle "EXT 2009"]
[Source "ChessBase"]
[SourceDate "2008.11.26"]
[SourceVersion "1"]
[SourceVersionDate "2008.11.26"]
[SourceQuality "1"]

1. e4 e5 2. Nf3 Nc6 3. Nc3 Nf6 4. Bc4 Bc5 5. 0-0 d6 6. h3 Be6 7. Bb5 0-0 8. Bxc6 bxc6 9. d3 h6 10. Nh2 Qd7 11. Qf3 Rfe8 12. Ne2 Kh8 13. h4 Ng4 14. Qg3 Rab8 15. b3 Re7 16. Kh1 Nxh2 17. Kxh2 d5 18. f3 Qc8 19. c3 Bd6 20. Kh1 Bd7 21. Qh2 Qa6 22. c4 d4 23. g4 Qc8 24. Qg2 h5 25. Rg1 hxg4 26. fxg4 Re6 27. h5 Qd8 28. Qh3 Kh7 29. Qh2 Qh8 30. Bd2 Rb7 31. Kg2 Kg8 32. Kf2 Kf8 33. Ng3 g6 34. g5 Ke8 35. Raf1 Ke7 36. Qh1 Kd8 37. Ke2 Be8 38. hxg6 Qxh1 39. Rxh1 fxg6 40. Rh8 Rb8 41. Rf6 Ke7 42. Rf1 Kd7 43. Rfh1 Rd8 44. R1h7+ 1/2-1/2